000 02253nam a2200301 a 4500
001 000038599
003 DO-SdBNP
005 20250307073710.0
008 091204s2013 dr 000 0 spa d
020 _a9789945492156
040 _aDO-SdBNP
_bspa
_cBNPHU
082 _aRD868.42
_bH519o, 2013
100 1 _aHenríquez Ureña, Pedro,
_d1884-1946
_91718
245 1 0 _aObras completas /
_cPedro Henríquez Ureña ; compilador y editor Miguel D. Mena.
246 1 3 _aObras completas de Pedro Henríquez Ureña
260 _aSanto Domingo :
_bEditora Nacional,
_c2013-.
300 _a33 v. ;
_c22 cm.
500 _aIncluye índice
500 _aIncluye datos biográficos del autor en la solapa de la cubierta
504 _aIncluye referencias bibliográficas y notas la pie de las páginas
505 0 _gv.1
_tTeatro, poesía, narrativa
_gv.2
_tI. 1899-1910; Ensayos críticos. Horas de estudio.
_gv.3
_tII. 1899-1910; Memorias. Crónicas.
_gv.4
_tI. 1911-1920; La poesía castellana de versos fluctuantes
_gv.5
_tII. 1911-1920; Crónicas periodísticas
_gv. 6
_tIII. 1911-1920; La Universidad.Tablas cronológicas
_gv.7
_tI. 1921-1928; En la orilla: mi España. La utopia de América. Apuntaciones sobre la novela en América. Seis ensayos en busca de nuestra expresión
_gv.8
_tII. 1921-1928; El supuesto andalucismo de América. Críticas y estudios; 1921-1928
_gv.9
_t1929-1935; Observaciones sovre el español en América. Críticas y estudios.
_gv.10
_tI. 1936-194; El Español en Santo Domingo; La cultura y las letras coloniales en Santo Domingo
_gv.11
_tII. 1936-1942; Plenitud de España. Temas hispanoamericanos.
_gv.12
_tIII. 1936-1940; Es español en México, los Estados Unidos y la América Central. Para la historia de los indigenismos. Introducciones y críticas literarias.
_gv.13
_tI. 1941-1946; Las corrientes literarias en la América hispánica. Historia de la cultura en la América hispánica.
_gv.14
_tII. 1941-1946; Historia y literatura.
600 1 0 _aHenríquez Ureña, Pedro,
_d1884-1946
_xCOLECCIONES DE ESCRITOS
_91718
650 0 _aEnsayos dominicanos
_965
650 4 _aLiteratura dominicana
_xHistoria y crítica
_9159
700 1 2 _aMena, Miguel D.
_epról.
_929501
910 _aValidado. Control de calidad MFF
942 _2ddc
_cLBS1
999 _c38089
_d38089